| 000 | 00418cam a22001217a 4500 | ||
|---|---|---|---|
| 008 | 180718b xxu||||| |||| 00| 0 eng d | ||
| 082 | _aT112x42 | ||
| 245 |
_aPreliminary estimates of national income and expenditure _cby Her Majesty's Stationery Office |
||
| 260 |
_aLondon _bHer Majesty's Stationery Office _c |
||
| 300 | _av.p. | ||
| 500 | _aContents: Library has 1952-1959 | ||
| 700 | _aU.K. Her Majesty's Stationery Office | ||
| 999 |
_c420991 _d420991 |
||